[Event "CZE-ch Youth B12 2022"]
[Site "Luhacovice"]
[Date "2022.03.17"]
[Round "7.2"]
[White "Mikulka, Martin Michael"]
[Black "Vana, Jan"]
[Result "1-0"]
[WhiteElo "1406"]
[BlackElo "1609"]
[Annotator "NA"]
[PlyCount "55"]
[EventDate "2022.03.12"]
[EventType "swiss"]
[EventCountry "CZE"]
[SourceTitle "playchess.com"]
[Source "ChessBase"]
[SourceQuality "1"]
[TimeControl "5400+30"]

1. e4 {[%emt 0:00:03]} c5 {[%emt 0:00:10]} 2. Nf3 {[%emt 0:00:08]} Nc6 {[%emt 0:00:06]} 3. d4 {[%emt 0:00:04]} cxd4 {[%emt 0:00:06]} 4. Nxd4 {[%emt 0:00:07]} e5 {[%emt 0:00:05]} 5. Nb5 {[%emt 0:00:08]} d6 {[%emt 0:00:06]} 6. N1c3 {[%emt 0:00:12]} a6 {[%emt 0:00:08]} 7. Na3 {[%emt 0:00:12]} b5 {[%emt 0:00:12]} 8. Nd5 {[%emt 0:00:18]} Nge7 {[%emt 0:00:43]} 9. c4 {[%emt 0:05:15]} Nxd5 {[%emt 0:01:30]} 10. exd5 {[%emt 0:03:20]} Nd4 {[%emt 0:02:29]} 11. cxb5 {[%emt 0:00:50]} Be7 {[%emt 0:04:23]} 12. Bd3 {[%emt 0:03:57]} O-O {[%emt 0:02:43]} 13. O-O {[%emt 0:00:08]} f5 {[%emt 0:01:17]} 14. Be3 {[%emt 0:03:49]} Bf6 {[%emt 0:05:58]} 15. Bxd4 {[%emt 0:02:34]} exd4 {[%emt 0:00:02]} 16. bxa6 {[%emt 0:01:21]} f4 {[%emt 0:03:46]} 17. f3 {[%emt 0:03:01]} Bh4 {[%emt 0:08:20]} 18. Qc2 {[%emt 0:06:08]} Rf6 {[%emt 0:11:32]} 19. Rac1 {[%emt 0:05:24]} Rh6 {[%emt 0:06:46]} 20. Qc7 {[%emt 0:06:12]} Qe8 {[%emt 0:08:10]} 21. Bb5 {[%emt 0:05:14]} Qe3+ {[%emt 0:03:43]} 22. Kh1 {[%emt 0:00:05]} Bf5 {[%emt 0:03:08]} 23. Nc4 {[%emt 0:06:07]} Qe2 {[%emt 0:10:43]} 24. Nxd6 {[%emt 0:00:48]} Qxb2 {[%emt 0:18:46]} 25. Nxf5 {[%emt 0:01:09]} Rg6 {[%emt 0:01:00]} 26. Nxh4 {[%emt 0:00:53]} Rg5 {[%emt 0:01:27]} 27. Qxf4 {[%emt 0:01:27]} h6 {[%emt 0:00:20]} 28. a4 {[%emt 0:03:32]} 1-0

[Event "CZE-ch Youth B12 2022"]
[Site "Luhacovice"]
[Date "2022.03.17"]
[Round "7.3"]
[White "Stary, Vojtech"]
[Black "Roubal, Matyas"]
[Result "1/2-1/2"]
[WhiteElo "1640"]
[BlackElo "1870"]
[Annotator "NA"]
[PlyCount "85"]
[EventDate "2022.03.12"]
[EventType "swiss"]
[EventCountry "CZE"]
[SourceTitle "playchess.com"]
[Source "ChessBase"]
[SourceQuality "1"]
[TimeControl "5400+30"]

1. d4 {[%emt 0:00:03]} d5 {[%emt 0:00:32]} 2. Bf4 {[%emt 0:00:12]} e6 {[%emt 0:00:53]} 3. e3 {[%emt 0:00:08]} c5 {[%emt 0:00:31]} 4. c3 {[%emt 0:00:18]} Bd6 {[%emt 0:00:35]} 5. Bg3 {[%emt 0:00:25]} Nf6 {[%emt 0:01:34]} 6. Nd2 {[%emt 0:00:21]} O-O {[%emt 0:00:41]} 7. Ngf3 {[%emt 0:00:19]} Nc6 {[%emt 0:00:55]} 8. Bd3 {[%emt 0:00:26]} b6 {[%emt 0:01:35]} 9. e4 {[%emt 0:02:23]} dxe4 {[%emt 0:01:33]} 10. Nxe4 {[%emt 0:00:22]} Nxe4 {[%emt 0:04:10]} 11. Bxe4 {[%emt 0:00:22]} Bb7 {[%emt 0:00:27]} 12. dxc5 {[%emt 0:04:32]} Bxc5 {[%emt 0:02:06]} 13. Qa4 {[%emt 0:01:27]} Rc8 {[%emt 0:07:58]} 14. Rd1 {[%emt 0:02:46]} Qe7 {[%emt 0:00:58]} 15. O-O {[%emt 0:02:58]} a6 {[%emt 0:12:27]} 16. b4 {[%emt 0:04:55]} b5 {[%emt 0:01:07]} 17. Qa3 {[%emt 0:01:36]} f5 $16 {[%emt 0:12:18]} 18. Bxc6 {[%emt 0:09:25]} Bxc6 {[%emt 0:01:49]} 19. bxc5 {[%emt 0:09:36]} Bxf3 {[%emt 0:00:19]} 20. gxf3 {[%emt 0:00:42]} f4 {[%emt 0:00:04]} 21. Rd6 {[%emt 0:03:01]} fxg3 {[%emt 0:02:12]} 22. fxg3 Rf5 {[%emt 0:07:34]} 23. Qb3 {[%emt 0:04:39]} Rfxc5 {[%emt 0:06:23]} 24. Qxe6+ {[%emt 0:00:27]} Qxe6 {[%emt 0:00:03]} 25. Rxe6 {[%emt 0:00:08]} R8c6 {[%emt 0:04:29]} 26. Rxc6 {[%emt 0:02:59]} Rxc6 27. Rc1 {[%emt 0:00:19]} Rc4 {[%emt 0:00:27]} 28. Kf2 {[%emt 0:01:55]} b4 {[%emt 0:00:46]} 29. Ke3 {[%emt 0:03:31]} bxc3 {[%emt 0:01:30]} 30. Kd3 {[%emt 0:14:25]} Ra4 {[%emt 0:00:10]} 31. Rc2 {[%emt 0:01:17]} Ra3 {[%emt 0:00:44]} 32. Kc4 {[%emt 0:02:18]} a5 {[%emt 0:01:32]} 33. f4 {[%emt 0:01:33]} Kf7 {[%emt 0:00:10]} 34. Rf2 {[%emt 0:04:30]} Kf6 {[%emt 0:00:50]} 35. g4 {[%emt 0:02:02]} g5 {[%emt 0:04:16]} 36. h3 {[%emt 0:12:05]} gxf4 {[%emt 0:01:27]} 37. Rxf4+ {[%emt 0:00:18]} Kg5 {[%emt 0:00:14]} 38. Rf5+ {[%emt 0:00:50]} Kg6 {[%emt 0:01:20]} 39. Kd3 {[%emt 0:01:28]} a4 {[%emt 0:02:42]} 40. Rh5 {[%emt 0:03:01]} h6 {[%emt 0:01:04]} 41. Kc2 {[%emt 0:00:44]} Kg7 {[%emt 0:00:55]} 42. Kd3 {[%emt 0:01:25]} Kg6 {[%emt 0:00:13]} 43. Ke4 1/2-1/2

[Event "CZE-ch Youth B12 2022"]
[Site "Luhacovice"]
[Date "2022.03.17"]
[Round "7.4"]
[White "Kutil, Adam"]
[Black "Martirosyan, David"]
[Result "1-0"]
[WhiteElo "1544"]
[BlackElo "1725"]
[Annotator "NA"]
[PlyCount "45"]
[EventDate "2022.03.12"]
[EventType "swiss"]
[EventCountry "CZE"]
[SourceTitle "playchess.com"]
[Source "ChessBase"]
[SourceQuality "1"]
[TimeControl "5400+30"]

1. e4 c5 {[%emt 0:00:04]} 2. Nf3 {[%emt 0:01:12]} d6 {[%emt 0:00:04]} 3. Bb5+ {[%emt 0:00:36]} Bd7 {[%emt 0:00:22]} 4. Bxd7+ {[%emt 0:00:51]} Qxd7 {[%emt 0:00:04]} 5. c4 {[%emt 0:02:06]} Nc6 {[%emt 0:00:49]} 6. O-O {[%emt 0:01:45]} g6 {[%emt 0:00:26]} 7. d4 {[%emt 0:01:20]} cxd4 {[%emt 0:00:08]} 8. Nxd4 {[%emt 0:00:12]} Bg7 {[%emt 0:00:06]} 9. Be3 {[%emt 0:00:56]} Nf6 {[%emt 0:00:06]} 10. f3 {[%emt 0:00:40]} O-O {[%emt 0:00:35]} 11. Nc3 {[%emt 0:01:19]} Rac8 {[%emt 0:01:17]} 12. b3 {[%emt 0:02:44]} a6 {[%emt 0:02:23]} 13. a4 {[%emt 0:02:06]} Qc7 {[%emt 0:02:28]} 14. Qd2 {[%emt 0:07:33]} Qa5 {[%emt 0:07:14]} 15. Nde2 {[%emt 0:02:29]} Nd7 {[%emt 0:03:25]} 16. Rab1 {[%emt 0:03:00]} Rfe8 {[%emt 0:08:10]} 17. Rfd1 {[%emt 0:04:58]} Nc5 {[%emt 0:11:09]} 18. Bh6 {[%emt 0:15:56]} Rcd8 {[%emt 0:17:09]} 19. Bxg7 {[%emt 0:05:11]} Kxg7 {[%emt 0:00:06]} 20. Qb2 {[%emt 0:08:38]} Ne6 {[%emt 0:13:24]} 21. Nd5+ {[%emt 0:09:10]} Ne5 {[%emt 0:03:03]} 22. f4 {[%emt 0:03:24]} Nxf4 {[%emt 0:01:32]} 23. Ndxf4 {[%emt 0:01:38]} 1-0

[Event "CZE-ch Youth B12 2022"]
[Site "Luhacovice"]
[Date "2022.03.17"]
[Round "7.5"]
[White "Kroulik, Vaclav"]
[Black "Soucek, Andrej"]
[Result "1/2-1/2"]
[WhiteElo "1645"]
[BlackElo "1399"]
[Annotator "NA"]
[PlyCount "86"]
[EventDate "2022.03.12"]
[EventType "swiss"]
[EventCountry "CZE"]
[SourceTitle "playchess.com"]
[Source "ChessBase"]
[SourceQuality "1"]
[TimeControl "5400+30"]

1. d4 {[%emt 0:00:08]} d5 {[%emt 0:00:11]} 2. Bf4 {[%emt 0:00:12]} Bf5 {[%emt 0:00:18]} 3. e3 {[%emt 0:00:28]} e6 {[%emt 0:00:45]} 4. c3 {[%emt 0:00:23]} Nf6 {[%emt 0:00:45]} 5. Nd2 {[%emt 0:01:12]} c6 {[%emt 0:02:34]} 6. Ngf3 {[%emt 0:01:56]} Nbd7 {[%emt 0:00:35]} 7. Be2 {[%emt 0:01:41]} Be7 {[%emt 0:00:23]} 8. O-O {[%emt 0:00:51]} O-O {[%emt 0:01:57]} 9. Nh4 {[%emt 0:03:06]} Bg6 {[%emt 0:04:41]} 10. Nxg6 {[%emt 0:01:09]} hxg6 {[%emt 0:00:09]} 11. Qc2 {[%emt 0:01:16]} Nb6 {[%emt 0:07:31]} 12. e4 {[%emt 0:08:15]} dxe4 {[%emt 0:05:17]} 13. Nxe4 {[%emt 0:00:10]} Nbd5 {[%emt 0:00:07]} 14. Bd2 {[%emt 0:03:13]} Qc7 {[%emt 0:15:03]} 15. Rfe1 {[%emt 0:12:50]} Rac8 {[%emt 0:04:15]} 16. Rad1 {[%emt 0:04:34]} Rfd8 {[%emt 0:00:24]} 17. Bf3 {[%emt 0:01:57]} Nxe4 {[%emt 0:17:47]} 18. Bxe4 {[%emt 0:01:04]} Nf6 {[%emt 0:00:49]} 19. Bf3 {[%emt 0:00:43]} c5 {[%emt 0:02:19]} 20. dxc5 {[%emt 0:01:28]} Bxc5 {[%emt 0:01:23]} 21. Bg5 {[%emt 0:04:30]} Bd6 {[%emt 0:11:38]} 22. g3 {[%emt 0:02:59]} b5 {[%emt 0:00:58]} 23. Be2 {[%emt 0:05:44]} b4 {[%emt 0:02:31]} 24. c4 {[%emt 0:00:43]} Bc5 {[%emt 0:01:05]} 25. Bf3 {[%emt 0:01:24]} Bd4 {[%emt 0:04:36]} 26. b3 {[%emt 0:01:20]} Bc3 {[%emt 0:00:09]} 27. Bd2 {[%emt 0:03:22]} Bxd2 {[%emt 0:00:28]} 28. Rxd2 {[%emt 0:00:08]} Rxd2 {[%emt 0:00:14]} 29. Qxd2 {[%emt 0:00:09]} a5 {[%emt 0:01:14]} 30. Rd1 {[%emt 0:00:17]} Qe5 {[%emt 0:04:07]} 31. Qd4 {[%emt 0:03:22]} Qf5 {[%emt 0:02:54]} 32. Kg2 {[%emt 0:01:42]} e5 {[%emt 0:00:48]} 33. Qb6 e4 {[%emt 0:01:16]} 34. Be2 {[%emt 0:05:45]} Re8 {[%emt 0:00:55]} 35. Rd8 {[%emt 0:01:46]} Rxd8 36. Qxd8+ {[%emt 0:00:06]} Kh7 {[%emt 0:00:13]} 37. Qd4 {[%emt 0:05:34]} Nd7 {[%emt 0:02:37]} 38. Qd5 {[%emt 0:01:35]} Nc5 {[%emt 0:01:33]} 39. h3 {[%emt 0:05:34]} Kg8 {[%emt 0:04:22]} 40. Qd8+ {[%emt 0:01:04]} Kh7 {[%emt 0:00:09]} 41. Qd5 {[%emt 0:02:32]} Kg8 {[%emt 0:00:13]} 42. g4 {[%emt 0:01:18]} Qxd5 {[%emt 0:00:08]} 43. cxd5 {[%emt 0:00:03]} Kf8 {[%emt 0:00:09]} 1/2-1/2

[Event "CZE-ch Youth B12 2022"]
[Site "Luhacovice"]
[Date "2022.03.17"]
[Round "7.6"]
[White "Krautschneider, Daniel Jan"]
[Black "Mik, Tomas"]
[Result "0-1"]
[WhiteElo "1304"]
[BlackElo "1643"]
[Annotator "NA"]
[PlyCount "96"]
[EventDate "2022.03.12"]
[EventType "swiss"]
[EventCountry "CZE"]
[SourceTitle "playchess.com"]
[Source "ChessBase"]
[SourceQuality "1"]
[TimeControl "5400+30"]

1. e4 {[%emt 0:00:12]} c5 {[%emt 0:00:10]} 2. c3 {[%emt 0:00:05]} d5 {[%emt 0:00:09]} 3. exd5 {[%emt 0:00:07]} Qxd5 {[%emt 0:00:10]} 4. Nf3 {[%emt 0:00:11]} Nc6 {[%emt 0:01:01]} 5. d4 {[%emt 0:00:05]} Bf5 {[%emt 0:00:16]} 6. c4 {[%emt 0:00:24]} Qe4+ {[%emt 0:01:29]} 7. Be3 {[%emt 0:00:17]} cxd4 {[%emt 0:01:53]} 8. Nxd4 {[%emt 0:00:26]} O-O-O {[%emt 0:03:36]} 9. Nc3 {[%emt 0:12:20]} Rxd4 {[%emt 0:07:16]} 10. Nxe4 {[%emt 0:01:20]} Rxd1+ {[%emt 0:00:12]} 11. Rxd1 {[%emt 0:00:06]} Bxe4 {[%emt 0:00:06]} 12. f3 {[%emt 0:00:20]} Bg6 {[%emt 0:01:27]} 13. Kf2 {[%emt 0:00:38]} Nf6 {[%emt 0:02:25]} 14. a3 {[%emt 0:02:43]} e6 {[%emt 0:03:51]} 15. b4 {[%emt 0:00:44]} a5 {[%emt 0:04:14]} 16. b5 {[%emt 0:02:20]} Ne5 {[%emt 0:01:41]} 17. a4 {[%emt 0:01:40]} Bb4 {[%emt 0:01:45]} 18. c5 {[%emt 0:01:04]} Nd5 {[%emt 0:10:01]} 19. Bd4 {[%emt 0:02:16]} Nd7 {[%emt 0:00:33]} 20. c6 {[%emt 0:00:31]} Nc5 {[%emt 0:01:50]} 21. Bc4 {[%emt 0:11:22]} f6 {[%emt 0:03:11]} 22. Rc1 {[%emt 0:04:53]} Rd8 {[%emt 0:01:34]} 23. Rhd1 {[%emt 0:04:19]} Kc7 {[%emt 0:17:08]} 24. Kg3 {[%emt 0:05:53]} Nc3 {[%emt 0:03:45]} 25. b6+ {[%emt 0:09:02]} Kxc6 {[%emt 0:02:13]} 26. Rxc3 {[%emt 0:01:28]} Rxd4 {[%emt 0:01:25]} 27. Rxd4 {[%emt 0:04:23]} Bxc3 {[%emt 0:00:17]} 28. Bb5+ {[%emt 0:00:04]} Kxb6 {[%emt 0:00:18]} 29. Rd6+ {[%emt 0:00:19]} Kc7 {[%emt 0:00:39]} 30. Rd1 {[%emt 0:01:03]} Be5+ {[%emt 0:05:15]} 31. Kf2 {[%emt 0:00:14]} Bc2 {[%emt 0:01:11]} 32. Rc1 {[%emt 0:00:24]} Bd4+ {[%emt 0:00:22]} 33. Ke2 {[%emt 0:00:14]} Bb3 {[%emt 0:01:00]} 34. h3 {[%emt 0:00:34]} Kd6 {[%emt 0:00:24]} 35. Kd2 {[%emt 0:00:26]} Bxa4 {[%emt 0:02:41]} 36. Bxa4 {[%emt 0:00:15]} Nxa4 {[%emt 0:00:06]} 37. Rc4 {[%emt 0:00:09]} Bc3+ {[%emt 0:00:12]} 38. Kc2 {[%emt 0:00:24]} b5 {[%emt 0:00:40]} 39. Rh4 {[%emt 0:01:23]} h6 {[%emt 0:00:30]} 40. Kb3 {[%emt 0:00:16]} Be5 {[%emt 0:01:05]} 41. f4 {[%emt 0:00:38]} Nc5+ {[%emt 0:00:35]} 42. Kc2 {[%emt 0:00:18]} Bd4 {[%emt 0:00:34]} 43. f5 {[%emt 0:00:13]} e5 {[%emt 0:01:17]} 44. Rg4 {[%emt 0:00:07]} b4 {[%emt 0:00:27]} 45. Rxg7 {[%emt 0:00:12]} b3+ {[%emt 0:00:07]} 46. Kb1 {[%emt 0:00:11]} a4 {[%emt 0:01:16]} 47. Ra7 {[%emt 0:00:12]} Ne4 {[%emt 0:00:51]} 48. Ra6+ {[%emt 0:00:27]} Kc5 {[%emt 0:00:09]} 0-1

[Event "CZE-ch Youth B12 2022"]
[Site "Luhacovice"]
[Date "2022.03.17"]
[Round "7.7"]
[White "Mydlar, Matej"]
[Black "Kozdon, Marek"]
[Result "1/2-1/2"]
[WhiteElo "1554"]
[BlackElo "1183"]
[Annotator "NA"]
[PlyCount "117"]
[EventDate "2022.03.12"]
[EventType "swiss"]
[EventCountry "CZE"]
[SourceTitle "playchess.com"]
[Source "ChessBase"]
[SourceQuality "1"]
[TimeControl "5400+30"]

1. e4 {[%emt 0:00:05]} c5 {[%emt 0:01:06]} 2. Nf3 {[%emt 0:01:58]} e6 {[%emt 0:02:24]} 3. d4 {[%emt 0:02:04]} cxd4 {[%emt 0:04:37]} 4. Nxd4 {[%emt 0:03:27]} a6 {[%emt 0:03:46]} 5. c4 {[%emt 0:04:04]} Nf6 {[%emt 0:02:56]} 6. Nc3 {[%emt 0:01:47]} Qc7 {[%emt 0:01:47]} 7. Be2 {[%emt 0:03:46]} d6 {[%emt 0:03:31]} 8. O-O {[%emt 0:03:36]} b6 {[%emt 0:01:17]} 9. Be3 {[%emt 0:01:08]} Bb7 {[%emt 0:00:29]} 10. f3 {[%emt 0:00:20]} Nbd7 {[%emt 0:00:49]} 11. Qd2 {[%emt 0:00:58]} Rc8 {[%emt 0:01:15]} 12. Rac1 {[%emt 0:00:45]} Be7 {[%emt 0:01:10]} 13. Rfe1 {[%emt 0:01:13]} Qb8 {[%emt 0:01:38]} 14. Bf1 {[%emt 0:00:43]} Bd8 {[%emt 0:06:02]} 15. b3 {[%emt 0:07:27]} Bc7 {[%emt 0:00:58]} 16. g3 {[%emt 0:02:12]} O-O {[%emt 0:03:51]} 17. Qf2 {[%emt 0:01:44]} Rfe8 {[%emt 0:05:28]} 18. Bh3 {[%emt 0:04:24]} Nc5 {[%emt 0:03:25]} 19. Red1 {[%emt 0:02:11]} Rcd8 {[%emt 0:06:46]} 20. Bg5 {[%emt 0:00:22]} Ncd7 {[%emt 0:01:00]} 21. Nc2 {[%emt 0:13:43]} h6 {[%emt 0:01:51]} 22. Be3 {[%emt 0:00:15]} Nc5 {[%emt 0:08:31]} 23. b4 {[%emt 0:02:08]} Ncd7 {[%emt 0:03:29]} 24. Na4 {[%emt 0:01:16]} b5 {[%emt 0:05:47]} 25. cxb5 {[%emt 0:03:38]} axb5 {[%emt 0:00:08]} 26. Nc3 {[%emt 0:00:24]} Ba6 {[%emt 0:01:34]} 27. Nd4 {[%emt 0:00:17]} Rc8 {[%emt 0:05:44]} 28. a4 {[%emt 0:02:01]} bxa4 {[%emt 0:01:39]} 29. b5 {[%emt 0:01:40]} Ba5 {[%emt 0:01:29]} 30. Nc6 {[%emt 0:00:51]} Rxc6 {[%emt 0:02:25]} 31. bxc6 {[%emt 0:00:25]} Ne5 {[%emt 0:00:40]} 32. Bf1 {[%emt 0:01:06]} Bxf1 {[%emt 0:03:12]} 33. Qxf1 {[%emt 0:00:00]} Qb3 {[%emt 0:02:08]} 34. Bd4 {[%emt 0:02:02]} Nxc6 {[%emt 0:02:48]} 35. Bxf6 {[%emt 0:00:11]} gxf6 {[%emt 0:00:08]} 36. Ne2 {[%emt 0:03:28]} Ne5 {[%emt 0:01:17]} 37. Kg2 {[%emt 0:00:47]} Nc4 {[%emt 0:01:21]} 38. Rxc4 {[%emt 0:01:23]} Qxc4 {[%emt 0:00:21]} 39. Rxd6 {[%emt 0:00:02]} Rd8 {[%emt 0:01:07]} 40. Rxd8+ {[%emt 0:00:25]} Bxd8 {[%emt 0:00:03]} 41. Qd1 {[%emt 0:00:22]} Kg7 {[%emt 0:01:07]} 42. Nf4 {[%emt 0:00:25]} Bc7 {[%emt 0:01:44]} 43. Nh5+ {[%emt 0:07:44]} Kg6 {[%emt 0:00:28]} 44. f4 {[%emt 0:00:27]} Qxe4+ {[%emt 0:00:28]} 45. Kh3 {[%emt 0:00:21]} Qf5+ {[%emt 0:00:47]} 46. g4 {[%emt 0:00:52]} Qe4 {[%emt 0:00:51]} 47. Ng3 {[%emt 0:01:46]} Qxf4 {[%emt 0:01:57]} 48. Qc2+ {[%emt 0:01:15]} f5 {[%emt 0:01:10]} 49. gxf5+ {[%emt 0:00:19]} exf5 {[%emt 0:00:43]} 50. Qc6+ {[%emt 0:00:48]} Bd6 {[%emt 0:00:45]} 51. Qc8 {[%emt 0:00:38]} Qg4+ {[%emt 0:01:03]} 52. Kg2 {[%emt 0:00:10]} Bxg3 {[%emt 0:00:44]} 53. hxg3 {[%emt 0:01:04]} Qe4+ {[%emt 0:00:34]} 54. Kh2 {[%emt 0:00:18]} Qe2+ {[%emt 0:00:18]} 55. Kh3 {[%emt 0:00:18]} Qf1+ {[%emt 0:00:25]} 56. Kh2 {[%emt 0:00:08]} Qf2+ {[%emt 0:00:11]} 57. Kh1 {[%emt 0:00:25]} Qe1+ {[%emt 0:00:27]} 58. Kh2 {[%emt 0:00:10]} Qd2+ {[%emt 0:00:31]} 59. Kh3 {[%emt 0:00:14]} 1/2-1/2

[Event "CZE-ch Youth B12 2022"]
[Site "Luhacovice"]
[Date "2022.03.17"]
[Round "7.8"]
[White "Sotek, Simon"]
[Black "Chon, Jeremy"]
[Result "0-1"]
[WhiteElo "1280"]
[BlackElo "1455"]
[Annotator "NA"]
[PlyCount "62"]
[EventDate "2022.03.12"]
[EventType "swiss"]
[EventCountry "CZE"]
[SourceTitle "playchess.com"]
[Source "ChessBase"]
[SourceQuality "1"]
[TimeControl "5400+30"]

1. e4 {[%emt 0:00:01]} c5 {[%emt 0:00:03]} 2. Nf3 {[%emt 0:00:11]} g6 {[%emt 0:00:01]} 3. d4 {[%emt 0:00:16]} cxd4 {[%emt 0:00:02]} 4. Nxd4 {[%emt 0:00:14]} Bg7 {[%emt 0:00:01]} 5. Be3 {[%emt 0:00:12]} Nc6 {[%emt 0:00:01]} 6. Nc3 {[%emt 0:00:34]} Nf6 {[%emt 0:00:20]} 7. Bc4 {[%emt 0:00:35]} O-O {[%emt 0:00:04]} 8. Bb3 {[%emt 0:00:07]} e6 {[%emt 0:00:37]} 9. O-O {[%emt 0:00:21]} d5 {[%emt 0:00:08]} 10. exd5 {[%emt 0:03:59]} exd5 {[%emt 0:00:11]} 11. h3 {[%emt 0:01:01]} a6 {[%emt 0:02:51]} 12. Re1 {[%emt 0:02:47]} Qd6 {[%emt 0:01:51]} 13. Nxc6 {[%emt 0:05:46]} bxc6 {[%emt 0:00:16]} 14. Na4 {[%emt 0:03:25]} Rd8 {[%emt 0:10:28]} 15. Bc5 {[%emt 0:02:04]} Qf4 {[%emt 0:07:18]} 16. Bd4 {[%emt 0:14:51]} Ng4 {[%emt 0:17:41]} 17. Bb6 {[%emt 0:18:26]} Qh2+ {[%emt 0:07:59]} 18. Kf1 {[%emt 0:01:13]} Qh1+ {[%emt 0:01:01]} 19. Ke2 {[%emt 0:00:09]} Qxg2 {[%emt 0:05:28]} 20. Rg1 {[%emt 0:10:25]} Re8+ {[%emt 0:05:20]} 21. Kd2 {[%emt 0:01:28]} Bh6+ {[%emt 0:00:39]} 22. Kc3 {[%emt 0:00:44]} Qxh3+ {[%emt 0:02:13]} 23. Qd3 {[%emt 0:04:35]} Bg7+ {[%emt 0:04:53]} 24. Kd2 {[%emt 0:01:39]} Qh2 {[%emt 0:03:08]} 25. Qf3 {[%emt 0:02:26]} Bh6+ {[%emt 0:03:42]} 26. Kc3 {[%emt 0:00:29]} Qe5+ {[%emt 0:01:37]} 27. Bd4 {[%emt 0:01:16]} Bd2+ {[%emt 0:01:17]} 28. Kxd2 {[%emt 0:00:57]} Qxd4+ {[%emt 0:00:08]} 29. Kc1 {[%emt 0:00:39]} Qxf2 {[%emt 0:03:15]} 30. Qh1 {[%emt 0:01:03]} Qe3+ {[%emt 0:01:01]} 31. Kb1 {[%emt 0:00:19]} Nf2 {[%emt 0:00:20]} 0-1

[Event "CZE-ch Youth B12 2022"]
[Site "Luhacovice"]
[Date "2022.03.17"]
[Round "7.9"]
[White "Stejskal, Jakub"]
[Black "Topencik, Bruno"]
[Result "0-1"]
[WhiteElo "1557"]
[BlackElo "1339"]
[Annotator "NA"]
[PlyCount "116"]
[EventDate "2022.03.12"]
[EventType "swiss"]
[EventCountry "CZE"]
[SourceTitle "playchess.com"]
[Source "ChessBase"]
[SourceQuality "1"]
[TimeControl "5400+30"]

1. e4 e5 {[%emt 0:00:07]} 2. Nc3 {[%emt 0:00:11]} Nc6 {[%emt 0:00:12]} 3. f4 {[%emt 0:00:08]} d6 {[%emt 0:01:02]} 4. Nf3 {[%emt 0:01:27]} a6 {[%emt 0:01:52]} 5. a3 {[%emt 0:03:18]} Be6 {[%emt 0:13:22]} 6. b4 {[%emt 0:07:34]} f6 {[%emt 0:06:54]} 7. Bb2 {[%emt 0:05:51]} Nge7 {[%emt 0:03:36]} 8. h3 {[%emt 0:04:09]} exf4 {[%emt 0:04:46]} 9. d4 {[%emt 0:03:58]} d5 {[%emt 0:03:14]} 10. Bc1 {[%emt 0:06:02]} dxe4 {[%emt 0:02:56]} 11. Nxe4 {[%emt 0:00:17]} Bd5 {[%emt 0:01:50]} 12. Bd3 {[%emt 0:04:36]} f5 {[%emt 0:04:43]} 13. Nc5 {[%emt 0:07:15]} Bxf3 {[%emt 0:04:32]} 14. Qxf3 {[%emt 0:00:20]} Qxd4 {[%emt 0:00:53]} 15. Nb3 {[%emt 0:00:16]} Qe5+ {[%emt 0:02:55]} 16. Kf2 {[%emt 0:00:56]} O-O-O {[%emt 0:08:05]} 17. Bxf4 {[%emt 0:04:40]} Qd5 {[%emt 0:05:17]} 18. Qg3 {[%emt 0:02:58]} Ng6 {[%emt 0:08:31]} 19. Bxc7 {[%emt 0:02:49]} f4 {[%emt 0:04:50]} 20. Bxf4 {[%emt 0:02:47]} Nxf4 {[%emt 0:01:32]} 21. Qxf4 {[%emt 0:01:11]} Bc5+ {[%emt 0:01:12]} 22. Ke2 {[%emt 0:00:40]} Qxg2+ {[%emt 0:02:33]} 23. Kd1 {[%emt 0:03:30]} Qxh1+ {[%emt 0:04:41]} 24. Kd2 {[%emt 0:00:12]} Qg2+ {[%emt 0:00:52]} 25. Kc1 {[%emt 0:00:48]} Bd6 {[%emt 0:01:10]} 26. Qf7 {[%emt 0:04:00]} Qg1+ {[%emt 0:02:23]} 27. Kd2 {[%emt 0:00:29]} Qh2+ {[%emt 0:00:21]} 28. Kd1 {[%emt 0:00:36]} Qe5 {[%emt 0:01:09]} 29. Bf5+ {[%emt 0:03:30]} Kb8 {[%emt 0:00:42]} 30. Bd3 {[%emt 0:01:19]} Rhf8 {[%emt 0:00:49]} 31. Qc4 {[%emt 0:00:21]} Rfe8 {[%emt 0:01:14]} 32. Kc1 {[%emt 0:01:10]} Qe1+ {[%emt 0:00:42]} 33. Kb2 {[%emt 0:00:08]} Be5+ {[%emt 0:00:11]} 34. c3 {[%emt 0:00:53]} Qf2+ {[%emt 0:00:23]} 35. Bc2 {[%emt 0:00:24]} Qf4 {[%emt 0:00:55]} 36. Qc5 {[%emt 0:02:16]} Bd6 {[%emt 0:00:27]} 37. Qb6 {[%emt 0:03:27]} Qe3 {[%emt 0:00:37]} 38. Qxe3 {[%emt 0:01:24]} Rxe3 {[%emt 0:00:08]} 39. Bxh7 {[%emt 0:00:15]} Rxh3 {[%emt 0:00:39]} 40. Bc2 {[%emt 0:00:15]} Be5 {[%emt 0:00:24]} 41. Kc1 {[%emt 0:00:35]} Rh1+ {[%emt 0:00:39]} 42. Kb2 {[%emt 0:00:18]} Rxa1 {[%emt 0:00:07]} 43. Kxa1 {[%emt 0:00:12]} Bxc3+ {[%emt 0:00:11]} 44. Kb1 {[%emt 0:00:06]} Nd4 {[%emt 0:00:21]} 45. Nxd4 {[%emt 0:00:19]} Bxd4 {[%emt 0:00:07]} 46. Kc1 {[%emt 0:00:08]} Be3+ {[%emt 0:00:26]} 47. Kb2 {[%emt 0:00:06]} g5 {[%emt 0:00:09]} 48. a4 {[%emt 0:00:38]} g4 {[%emt 0:00:15]} 49. b5 {[%emt 0:00:13]} Rd2 {[%emt 0:00:14]} 50. Kc3 {[%emt 0:00:17]} Rxc2+ {[%emt 0:00:18]} 51. Kxc2 {[%emt 0:00:10]} g3 {[%emt 0:00:06]} 52. bxa6 {[%emt 0:00:11]} bxa6 {[%emt 0:00:08]} 53. a5 {[%emt 0:00:07]} g2 {[%emt 0:00:05]} 54. Kb2 {[%emt 0:00:07]} g1=Q {[%emt 0:00:07]} 55. Ka2 {[%emt 0:00:12]} Bb6 {[%emt 0:00:43]} 56. Ka3 {[%emt 0:00:21]} Qb1 {[%emt 0:00:12]} 57. Ka4 {[%emt 0:00:10]} Bxa5 {[%emt 0:00:16]} 58. Ka3 {[%emt 0:00:11]} Ka8 {[%emt 0:00:08]} 0-1